000 00666cam a22002533a 4500
001 29599
003 PGUSA
005 20140828083635.0
008 090803s2009||||xxu|||||s|||||000 1 eng d
040 _aPGUSA
_beng
042 _adc
050 4 _aPS
100 1 _aVenable, Lyn
245 1 0 _aHomesick
_h[electronic resource] /
_cLyn Venable
260 _bProject Gutenberg,
_c2009
506 _aPublic domain in the USA.
516 _aElectronic text
653 _aScience fiction
653 _aShort stories
700 1 _aEmshwiller, Ed,
_d1925-1990
830 0 _aProject Gutenberg
_v29599
856 4 0 _uhttp://www.gutenberg.org/ebooks/29599
942 _cEB
999 _c258854
_d258854